| 000 | 02564nam a2200361 a 4500 | ||
|---|---|---|---|
| 001 | BRCA_3235 | ||
| 005 | 20190320204158.0 | ||
| 008 | 060309s1801----enka---###---#000-0#eng-# | ||
| 041 | _aeng | ||
| 044 | _aenk | ||
| 084 |
_a536 _b.M55 _c1801 |
||
| 100 | 1 |
_aCervantes Saavedra, Miguel de _d1547-1616 _9213 |
|
| 245 | 1 | 0 |
_aThe Life and Exploits of the Ingenious Gentleman Don Quixote de la Mancha _cTranslated from the Original Spanish of Miguel de Cervantes Saavedra by Charles Jarvis. |
| 260 |
_aLondres _bW. Miller _c1801 |
||
| 300 |
_a4 v. _bil. _c22 cm. |
||
| 500 | _aContenido : v.1. Primera parte. Retrato de Cervantes. Prefacio del editor. Vida de Cervantes. Plan cronológico por V. de los Ríos. Mapa del centro de España. Prólogo del autor. -- v.2. Texto. -- v.3. Segunda parte. Prólogo del autor. -- v.4. Texto | ||
| 500 | _aEdición : Now Carefully Revised and Corrected with a new Translation of the Spanish Poetry to which is Prefixed a Copious and new Life of Cervantes; Including a Critique on the Quixote also a Chronological plan of the Work Embellished with new Engravings and a Map of a Part of Spain | ||
| 500 | _aEdición de la versión de Jarvis, cuidadosamente corregida en vista de las publicadas por la Academia Española, de cuyas primeras ediciones se tomaron la Vida de Cervantes, escrita por Vicente de los Ríos, el plan cronológico de éste, y el mapa de los lugares por donde anduvo D. Quijote. El retrato de Cervantes es copia del que llevan las ediciones de la Academia Española; algunas láminas son copias de la edición grande de la mencionada Academia y otras, dibujadas por Stothard, etc. Estas últimas adolecen del defecto propio de las ilustraciones extranjeras mostrando un Quijote inglés en un ambiente británico. Bella edición impresa en buen papel con tipos claros. Piel; lomeras decoradas con dorados Lúdovik Osterc | ||
| 500 | _aEstado físico : vol. 1. Cubierta desprendida | ||
| 500 | _aCon ex-libris de : Federic Noel | ||
| 500 | _aIncluye notas al final de cada volumen | ||
| 500 | _aQM429 | ||
| 546 | _aTexto en : inglés | ||
| 650 | 1 | 4 |
_aNovela española _yÉpoca clásica, 1500-1700 _9215 |
| 650 | 1 | 4 |
_aLiteratura española _yÉpoca clásica, 1500-1700 _9216 |
| 650 | 1 | 4 |
_aNovela española _ySiglo XVII _9217 |
| 650 | 1 | 4 |
_aDon Quijote (Personaje ficticio) _eNovela _9218 |
| 700 | 1 |
_aJarvis, Charles _d?-1739 _eTraductor _98627 |
|
| 700 | 1 |
_aRíos, Vicente de los _d1732-1779 _eBiógrafo _98628 |
|
| 740 | 0 | _aEl Ingenioso Hidalgo Don Quijote de la Mancha | |
| 902 | _aQFM | ||
| 942 |
_2lcc _cB |
||
| 999 |
_c2971 _d2971 |
||